| 000 | 01900cam a22004934a 4500 | ||
|---|---|---|---|
| 001 | 16151593 | ||
| 003 | MUT | ||
| 005 | 20240606081547.0 | ||
| 007 | co cnu|||||||| | ||
| 008 | 100324s2006 onca b 001 0 eng c | ||
| 010 | _a 2010286724 | ||
| 016 | 7 |
_a101275043 _2DNLM |
|
| 016 | _a20059062932 | ||
| 020 | _a9780779699698 | ||
| 020 | _a0779699696 | ||
| 035 | _a(OCoLC)ocm70929152 | ||
| 040 |
_aNLM _cMUT _dNLC _dCGC _dOCLCG _dCNCGM _dDLC |
||
| 042 | _apcc | ||
| 050 | 0 | 0 |
_aRT41 _b.L49 2006 |
| 055 | 0 |
_aRT41 _bL49 2006 |
|
| 060 | 0 | 0 | _a2006 H-966 |
| 060 | 1 | 0 |
_aWY 100 _bM4893 2006 |
| 082 | 0 | 0 |
_a617/.0231 _222 |
| 100 | _4Lewis, Sharon | ||
| 245 | 0 | 0 |
_aMedical-Surgical Nursing in Canada : _bAssessment and Management of Clinical Problems / |
| 250 | _a1st Canadian ed. | ||
| 260 |
_aToronto : _bElsevier,Mosby; _cc2006. |
||
| 300 |
_axxxiii, 1895p. : _bill. + _e1 CD-ROM (4 3/4 in.) |
||
| 504 | _aIncludes bibliographical references and index. | ||
| 538 | _aSystem requirements for accompanying CD-ROM: Windows; Macintosh. | ||
| 650 | 0 |
_aNursing _vTextbooks. |
|
| 650 | 0 |
_aSurgical nursing _vTextbooks. |
|
| 650 | 1 | 2 |
_aNursing Care _zCanada. |
| 650 | 2 | 2 |
_aNursing Assessment _zCanada. |
| 650 | 2 | 2 |
_aPerioperative Nursing _zCanada. |
| 650 | 6 |
_aSoins infirmiers _vManuels d'enseignement supérieur. |
|
| 650 | 6 |
_aSoins infirmiers en chirurgie _vManuels d'enseignment supérior. |
|
| 700 | 1 | _aLewis, Sharon, Mantik. | |
| 700 | 1 |
_aHeitkemper, Margaret M. _q(Margaret McLean) |
|
| 700 | 1 | _aDirksen, Shannon Ruff. | |
| 906 |
_a7 _bcbc _cpccadap _d2 _encip _f20 _gy-gencatlg |
||
| 942 |
_2lcc _cBK |
||
| 999 |
_c21901 _d21901 |
||